000 00771nam a2200229 a 4500
001 000045926
005 20250219074027.0
008 150602s2007 dr r 000 0 spa d
020 _a9789945160772
040 _aDO-SdBNP
_bspa
_cBNPHU
082 _aRD863.2
_bA594f, 2007
100 1 _aAngulo Guridi, Francisco Javier,
_d1816-1884.
_910453
245 1 3 _aLa fantasma de Higüey /
_cFrancisco Javier Angulo Guridi ; edición Isael Pérez.
250 _a5a ed.
260 _aSanto Domingo :
_bJunta Cultural Dominicana,
_c2007.
300 _a130 p. ;
_c22 cm.
590 _aInventariado, 2019/DG
650 0 _aNovela dominicana
_9223
650 0 _aLiteratura dominicana.
_967
700 1 _aPérez, Isael,
_d1961-
_eed.
_91414
910 _aValidado. Control de calidad. MFF
999 _c45415
_d45415